<?xml version="1.0" encoding="UTF-8"?>
<record
    xmlns:xsi="http://www.w3.org/2001/XMLSchema-instance"
    xsi:schemaLocation="http://www.loc.gov/MARC21/slim http://www.loc.gov/standards/marcxml/schema/MARC21slim.xsd"
    xmlns="http://www.loc.gov/MARC21/slim">

  <leader>01963nam a2200229 a 4500</leader>
  <controlfield tag="001">000003223</controlfield>
  <controlfield tag="005">20240502105557.0</controlfield>
  <controlfield tag="008">090707d2006    dr a          000 j spa d</controlfield>
  <datafield tag="020" ind1=" " ind2=" ">
    <subfield code="a">9945410121</subfield>
  </datafield>
  <datafield tag="020" ind1=" " ind2=" ">
    <subfield code="a">9789945410129</subfield>
  </datafield>
  <datafield tag="040" ind1=" " ind2=" ">
    <subfield code="a">DO-SdBNP</subfield>
    <subfield code="b">spa</subfield>
    <subfield code="c">BNPHU</subfield>
  </datafield>
  <datafield tag="082" ind1=" " ind2=" ">
    <subfield code="a">RD863.44</subfield>
    <subfield code="b">D542n, 2006</subfield>
  </datafield>
  <datafield tag="100" ind1="1" ind2=" ">
    <subfield code="a">D&#xED;az Grull&#xF3;n, Virgilio,</subfield>
    <subfield code="d">1924-2001</subfield>
    <subfield code="b">1924-2001</subfield>
    <subfield code="9">501</subfield>
  </datafield>
  <datafield tag="245" ind1="1" ind2="0">
    <subfield code="a">De ni&#xF1;os, hombres y fantasmas /</subfield>
    <subfield code="c">Virgilio D&#xED;az Grull&#xF3;n.</subfield>
  </datafield>
  <datafield tag="260" ind1=" " ind2=" ">
    <subfield code="a">Santo Domingo :</subfield>
    <subfield code="b">Argos,</subfield>
    <subfield code="c">2006.</subfield>
  </datafield>
  <datafield tag="300" ind1=" " ind2=" ">
    <subfield code="a">141 p. :</subfield>
    <subfield code="b">il. ;</subfield>
    <subfield code="c">22 cm.</subfield>
  </datafield>
  <datafield tag="505" ind1="0" ind2=" ">
    <subfield code="g">Presentaci&#xF3;n a la primera edici&#xF3;n --</subfield>
    <subfield code="t">A manera de pr&#xF3;logo --</subfield>
    <subfield code="t">De ni&#xF1;os--</subfield>
    <subfield code="t">El pozo sin fondo --</subfield>
    <subfield code="t">El reloj --</subfield>
    <subfield code="t">Pesadilla --</subfield>
    <subfield code="t">El peque&#xF1;o culpable --</subfield>
    <subfield code="t">La campana rota --</subfield>
    <subfield code="t">El aprendiz de brujo --</subfield>
    <subfield code="t">La enemiga --</subfield>
    <subfield code="t">Matar un rat&#xF3;n --</subfield>
    <subfield code="t">Punto de vista -</subfield>
    <subfield code="t">Matum --</subfield>
    <subfield code="g">Hombres --</subfield>
    <subfield code="t">Ca&#xED;n --</subfield>
    <subfield code="t">Jornada completa --</subfield>
    <subfield code="t">Edipo --</subfield>
    <subfield code="t">La puntualidad del se&#xF1;or Mart&#xED;nez --</subfield>
    <subfield code="t">Propiedad privada --</subfield>
    <subfield code="t">La rebeli&#xF3;n --</subfield>
    <subfield code="t">Vecindad --</subfield>
    <subfield code="t">Fiebre --</subfield>
    <subfield code="t">El corcho sobre el r&#xED;o --</subfield>
    <subfield code="t">Dos pesos para Cirilo --</subfield>
    <subfield code="t">Un epitafio para Don Justo --</subfield>
    <subfield code="t">A trav&#xE9;s del muro --</subfield>
    <subfield code="t">Cr&#xF3;nica policial --</subfield>
    <subfield code="t">Pas de deux --</subfield>
    <subfield code="t">Estampa folkl&#xF3;rica --</subfield>
    <subfield code="t">Legaslismo --</subfield>
    <subfield code="t">El sedicioso --</subfield>
    <subfield code="t">El uno y el otro --</subfield>
    <subfield code="t">Biograf&#xED;a de un suicidia --</subfield>
    <subfield code="t">La &#xFA;nica ver&#xED;dica versi&#xF3;n de la muerte de Jhonny Watson relatada por &#xE9;l mismo --</subfield>
    <subfield code="t">Catat&#xF3;nico --</subfield>
    <subfield code="g">Y fastamas --</subfield>
    <subfield code="t">C&#xED;rculo --</subfield>
    <subfield code="t">Su amigo Arcadio --</subfield>
    <subfield code="t">La resignada inmortalidad de Don C&#xE1;stulo --</subfield>
    <subfield code="t">Retorno --</subfield>
    <subfield code="t">M&#xE1;s all&#xE1; del espejo --</subfield>
    <subfield code="t">Doble personalidad --</subfield>
    <subfield code="t">&#xCD;caro --</subfield>
    <subfield code="t">El diario inconcluso --</subfield>
    <subfield code="t">Vertiginoso tiempo --</subfield>
    <subfield code="t">La verdadera pesadilla --</subfield>
    <subfield code="t">La mutaci&#xF3;n --</subfield>
    <subfield code="t">Viaje al microcosmo --</subfield>
    <subfield code="t">La trampa --</subfield>
    <subfield code="t">El cuento sin t&#xED;tulo --</subfield>
    <subfield code="t">Falso embarazo --</subfield>
    <subfield code="t">La pareja --</subfield>
    <subfield code="t">La broma p&#xF3;stuma --</subfield>
    <subfield code="t">La invasi&#xF3;n --</subfield>
    <subfield code="t">El maleficio --</subfield>
    <subfield code="g">Los algarrobos tambi&#xE9;n sue&#xF1;an --</subfield>
    <subfield code="t">Los algarrobos tambi&#xE9;n sue&#xF1;an</subfield>
  </datafield>
  <datafield tag="590" ind1=" " ind2=" ">
    <subfield code="a">Inventariado, 2020/MFF</subfield>
  </datafield>
  <datafield tag="650" ind1=" " ind2="0">
    <subfield code="a">Cuentos dominicanos</subfield>
    <subfield code="9">176</subfield>
  </datafield>
  <datafield tag="650" ind1=" " ind2="0">
    <subfield code="a">Literatura dominicana.</subfield>
    <subfield code="9">67</subfield>
  </datafield>
  <datafield tag="910" ind1=" " ind2=" ">
    <subfield code="a">Validado. Control de calidad MMOLINA</subfield>
  </datafield>
  <datafield tag="952" ind1=" " ind2=" ">
    <subfield code="0">0</subfield>
    <subfield code="1">0</subfield>
    <subfield code="5">2</subfield>
    <subfield code="7">0</subfield>
    <subfield code="8">DS</subfield>
    <subfield code="a">GR</subfield>
    <subfield code="b">GR</subfield>
    <subfield code="c">HD</subfield>
    <subfield code="d">2009-07-13</subfield>
    <subfield code="i">LF1</subfield>
    <subfield code="l">0</subfield>
    <subfield code="o">RD863.44 D542n, 2006</subfield>
    <subfield code="p">3223-30</subfield>
    <subfield code="r">2020-06-25</subfield>
    <subfield code="t">e. 3</subfield>
    <subfield code="w">2020-06-25</subfield>
    <subfield code="y">LFDS</subfield>
    <subfield code="Z">Pr&#xE9;stamo interno</subfield>
  </datafield>
  <datafield tag="952" ind1=" " ind2=" ">
    <subfield code="0">0</subfield>
    <subfield code="1">0</subfield>
    <subfield code="5">2</subfield>
    <subfield code="7">0</subfield>
    <subfield code="8">DS</subfield>
    <subfield code="a">GR</subfield>
    <subfield code="b">GR</subfield>
    <subfield code="c">HD</subfield>
    <subfield code="d">2009-07-13</subfield>
    <subfield code="i">LF1</subfield>
    <subfield code="l">0</subfield>
    <subfield code="o">RD863.44 D542n, 2006</subfield>
    <subfield code="p">3223-40</subfield>
    <subfield code="r">2020-06-25</subfield>
    <subfield code="t">e. 4</subfield>
    <subfield code="w">2020-06-25</subfield>
    <subfield code="y">LFDS</subfield>
    <subfield code="Z">Pr&#xE9;stamo interno</subfield>
  </datafield>
  <datafield tag="952" ind1=" " ind2=" ">
    <subfield code="0">0</subfield>
    <subfield code="1">0</subfield>
    <subfield code="5">2</subfield>
    <subfield code="7">0</subfield>
    <subfield code="8">DS</subfield>
    <subfield code="a">GR</subfield>
    <subfield code="b">GR</subfield>
    <subfield code="c">HD</subfield>
    <subfield code="d">2009-07-13</subfield>
    <subfield code="i">LF1</subfield>
    <subfield code="l">0</subfield>
    <subfield code="o">RD863.44 D542n, 2006</subfield>
    <subfield code="p">3223-50</subfield>
    <subfield code="r">2020-06-25</subfield>
    <subfield code="t">e. 5</subfield>
    <subfield code="w">2020-06-25</subfield>
    <subfield code="y">LFDS</subfield>
    <subfield code="Z">Pr&#xE9;stamo interno</subfield>
  </datafield>
  <datafield tag="952" ind1=" " ind2=" ">
    <subfield code="0">0</subfield>
    <subfield code="1">0</subfield>
    <subfield code="7">1</subfield>
    <subfield code="8">PD</subfield>
    <subfield code="a">PD</subfield>
    <subfield code="b">PD</subfield>
    <subfield code="c">HD</subfield>
    <subfield code="d">2009-07-07</subfield>
    <subfield code="i">LF1</subfield>
    <subfield code="l">0</subfield>
    <subfield code="o">RD863.44 D542n, 2006</subfield>
    <subfield code="p">3223-10</subfield>
    <subfield code="r">2020-06-25</subfield>
    <subfield code="w">2020-06-25</subfield>
    <subfield code="y">LFPD</subfield>
    <subfield code="Z">No se presta</subfield>
  </datafield>
  <datafield tag="952" ind1=" " ind2=" ">
    <subfield code="0">0</subfield>
    <subfield code="1">0</subfield>
    <subfield code="7">1</subfield>
    <subfield code="8">PD</subfield>
    <subfield code="a">PD</subfield>
    <subfield code="b">PD</subfield>
    <subfield code="c">HD</subfield>
    <subfield code="d">2009-07-07</subfield>
    <subfield code="i">LF1</subfield>
    <subfield code="l">0</subfield>
    <subfield code="o">RD863.44 D542n, 2006</subfield>
    <subfield code="p">3223-20</subfield>
    <subfield code="r">2020-06-25</subfield>
    <subfield code="t">e. 2</subfield>
    <subfield code="w">2020-06-25</subfield>
    <subfield code="y">LFPD</subfield>
    <subfield code="Z">No se presta</subfield>
  </datafield>
  <datafield tag="999" ind1=" " ind2=" ">
    <subfield code="c">3054</subfield>
    <subfield code="d">3054</subfield>
  </datafield>
</record>
